[Event "IV C.to Europeo seniores"]
[Site "Arvier ITA"]
[Date "2004.09.16"]
[Round "7"]
[White "Hecht, Hans-Joachim"]
[Black "Hilburt, Leonid"]
[Result "1/2-1/2"]
[WhiteElo "2423"]
[BlackElo "2237"]
[PlyCount "60"]
[EventDate "2004.09.10"]

1. d4 d5 2. c4 e6 3. Nf3 Nf6 4. g3 Nbd7 5. Bg2 Be7 6. O-O O-O 7. Nbd2 b6 8. b3
Bb7 9. Bb2 Rc8 10. e3 dxc4 11. Nxc4 c5 12. Qe2 Qc7 13. Rac1 Qb8 14. Rfd1 Rfd8
15. dxc5 Bxc5 16. Nfe5 Bxg2 17. Nxd7 Rxd7 18. Rxd7 Nxd7 19. Kxg2 Qb7+ 20. Qf3
Qxf3+ 21. Kxf3 Be7 22. Rd1 Nf8 23. e4 f6 24. Ke2 b5 25. Ne3 Kf7 26. f4 Rc6 27.
Rd2 g6 28. Rc2 Rxc2+ 29. Nxc2 a6 30. Kd3 Nd7 1/2-1/2

[Event "IV C.to Europeo seniores"]
[Site "Arvier ITA"]
[Date "2004.09.16"]
[Round "7"]
[White "Jansa, Vlastimil"]
[Black "Joksic, Sinisa"]
[Result "1-0"]
[WhiteElo "2500"]
[BlackElo "2340"]
[PlyCount "47"]
[EventDate "2004.09.10"]

1. e4 g6 2. d4 Bg7 3. Nc3 d6 4. Be3 Nd7 5. Nf3 a6 6. Qd2 h6 7. h3 e6 8. Bd3 Ne7
9. O-O g5 10. Rad1 c6 11. Nh2 e5 12. dxe5 dxe5 13. Bc4 Qc7 14. a4 Ng6 15. Ne2
O-O 16. Ng3 Re8 17. Ng4 Nf6 18. Nxf6+ Bxf6 19. a5 g4 20. Bb6 Qe7 21. Qxh6 Bg7
22. Qxg6 Kf8 23. Qh7 gxh3 24. Nh5 1-0

[Event "IV C.to Europeo seniores"]
[Site "Arvier ITA"]
[Date "2004.09.16"]
[Round "7"]
[White "Kock, Hans-Uwe"]
[Black "Gousseinov, Aguif"]
[Result "1/2-1/2"]
[WhiteElo "2172"]
[BlackElo "2059"]
[PlyCount "41"]
[EventDate "2004.09.10"]

1. d4 Nf6 2. c4 c6 3. Nf3 d5 4. e3 a6 5. Nc3 g6 6. Bd3 Bg7 7. O-O Bg4 8. h3 Be6
9. c5 Bc8 10. b4 O-O 11. Bd2 Nbd7 12. Re1 Re8 13. Ne5 Nxe5 14. dxe5 Ne4 15.
Nxe4 dxe4 16. Bxe4 Bxe5 17. Rb1 Be6 18. Qc2 Bd5 19. Rbd1 Bxe4 20. Qxe4 Qc7 21.
Qc2 1/2-1/2

[Event "IV C.to Europeo seniores"]
[Site "Arvier ITA"]
[Date "2004.09.16"]
[Round "7"]
[White "Komysheva, Margarita"]
[Black "Marjanovic, Slavko"]
[Result "1/2-1/2"]
[WhiteElo "2208"]
[BlackElo "2024"]
[PlyCount "147"]
[EventDate "2004.09.10"]

1. e4 c5 2. Nf3 d6 3. d4 cxd4 4. Nxd4 Nf6 5. Nc3 g6 6. f4 Bg7 7. Bb5+ Bd7 8. e5
Ng8 9. e6 Bc6 10. exf7+ Kxf7 11. Bc4+ d5 12. Bb3 Nf6 13. Be3 e6 14. Nf3 Re8 15.
Qe2 Nbd7 16. Bd4 Kg8 17. O-O Qc7 18. g3 b6 19. Ne5 Nxe5 20. Bxe5 Qb7 21. Rad1
Nd7 22. Bxg7 Kxg7 23. Qd3 Nc5 24. Qd4+ Kg8 25. Rfe1 Qg7 26. Qxg7+ Kxg7 27. Ne2
Nxb3 28. axb3 e5 29. fxe5 Rxe5 30. Nd4 Rxe1+ 31. Rxe1 Re8 32. Rxe8 Bxe8 33. b4
Kf6 34. Kf2 Ke5 35. Ke3 Bd7 36. c3 Be8 37. Nf3+ Kd6 38. Kd4 h6 39. Ne5 Ke6 40.
Ng4 h5 41. Ne5 Kd6 42. h4 Ke6 43. Nd3 Kf5 44. Ne5 Ke6 45. Nd3 Kf5 46. Ke3 Kg4
47. Kf2 Kf5 48. Kf3 g5 49. hxg5 Kxg5 50. Nf4 Bf7 51. Ne2 Be6 52. Nd4 Bd7 53. b5
Bg4+ 54. Ke3 Bc8 55. b3 Kg4 56. Kf2 h4 57. gxh4 Kxh4 58. Ke3 Kg5 59. Nc6 Kf6
60. Kd4 Ke6 61. Nxa7 Bb7 62. Nc6 Kd6 63. Na7 Ke6 64. Ke3 Kd6 65. Kf4 Ke6 66.
Nc6 Kd6 67. Nd4 Bc8 68. Kg5 Ke5 69. Nc6+ Ke4 70. Kf6 Bh3 71. Ne7 Bf1 72. Nc8 d4
73. cxd4 Kxd4 74. Nxb6 1/2-1/2

[Event "IV C.to Europeo seniores"]
[Site "Arvier ITA"]
[Date "2004.09.16"]
[Round "7"]
[White "Lein, Marina"]
[Black "Schneiders, Albert"]
[Result "1/2-1/2"]
[WhiteElo "2007"]
[BlackElo "2236"]
[PlyCount "24"]
[EventDate "2004.09.10"]

1. c4 e6 2. Nc3 Nf6 3. Nf3 b6 4. e3 Bb7 5. Be2 c5 6. O-O Be7 7. d4 cxd4 8. Nxd4
O-O 9. Bf3 Nc6 10. Nxc6 Bxc6 11. Bxc6 dxc6 12. b3 Qxd1 1/2-1/2

[Event "IV C.to Europeo seniores"]
[Site "Arvier ITA"]
[Date "2004.09.16"]
[Round "7"]
[White "Ljubarskij, Juri"]
[Black "Shabanov, Yuri"]
[Result "0-1"]
[WhiteElo "2338"]
[BlackElo "2429"]
[PlyCount "84"]
[EventDate "2004.09.10"]

1. e4 c5 2. Nc3 d6 3. f4 a6 4. Nf3 b5 5. d3 g6 6. g3 Bg7 7. Bg2 Nc6 8. O-O Bb7
9. Qe1 Nd4 10. Qf2 Nf6 11. h3 Nd7 12. Be3 Nxf3+ 13. Bxf3 O-O 14. g4 b4 15. Nd1
a5 16. c3 Qc7 17. Rc1 Rac8 18. Re1 Qb8 19. h4 Qa8 20. c4 f5 21. gxf5 gxf5 22.
Kh2 Nf6 23. Bd2 fxe4 24. dxe4 Bxe4 25. Rxe4 Nxe4 26. Qg2 d5 27. Nf2 Kh8 28.
Nxe4 dxe4 29. Bxe4 Qb8 30. Qg4 Qd6 31. Be3 Bh6 32. Rg1 Qf6 33. Kh3 Rg8 34. Qf5
Qxf5+ 35. Bxf5 Rc7 36. Rd1 e5 37. Be6 Re8 38. Rd6 Bxf4 39. Bxf4 exf4 40. Kg4
Rf8 41. Kf3 Rf6 42. Ra6 Kg7 0-1

[Event "IV C.to Europeo seniores"]
[Site "Arvier ITA"]
[Date "2004.09.16"]
[Round "7"]
[White "Loktiev, Ivan"]
[Black "Estrada Martinez, Cesar"]
[Result "1/2-1/2"]
[WhiteElo "2410"]
[BlackElo "2235"]
[PlyCount "85"]
[EventDate "2004.09.10"]

1. d4 Nf6 2. c4 e6 3. Nf3 c5 4. d5 b5 5. Bg5 bxc4 6. Nc3 d6 7. e4 e5 8. Bxc4
Be7 9. Bb5+ Nbd7 10. Bc1 O-O 11. O-O Rb8 12. Be2 Ne8 13. Nd2 Bg5 14. Nc4 Bxc1
15. Rxc1 Ba6 16. Ne3 Bxe2 17. Qxe2 g6 18. b3 Nb6 19. f4 exf4 20. Rxf4 Qe7 21.
Qf2 Nd7 22. Rf1 Ne5 23. Qg3 Ng7 24. Rh4 h5 25. Rh3 Rb4 26. Nc2 Rb7 27. Qf4 Ng4
28. Na3 Ne5 29. Qf6 Qxf6 30. Rxf6 Ne8 31. Rf1 Nc7 32. Rc1 a6 33. Nd1 Rb4 34.
Nc4 Nxc4 35. bxc4 Rfb8 36. Kf2 Ne8 37. Ra3 R8b6 38. Ke3 Nf6 39. Nf2 Rb2 40. Kf3
Nd7 41. Nd3 Rd2 42. Rcc3 Kg7 43. h4 1/2-1/2

[Event "IV C.to Europeo seniores"]
[Site "Arvier ITA"]
[Date "2004.09.16"]
[Round "7"]
[White "Popivoda, Radmila"]
[Black "Birens, Eric-Andre'"]
[Result "1-0"]
[WhiteElo "2234"]
[BlackElo "2116"]
[PlyCount "149"]
[EventDate "2004.09.10"]

1. e4 c5 2. c3 g6 3. d4 cxd4 4. cxd4 d5 5. e5 Nc6 6. Nc3 Bg7 7. h3 Nh6 8. Nf3
O-O 9. Be2 f6 10. exf6 exf6 11. O-O Nf5 12. Bf4 Be6 13. Qd2 Bf7 14. b4 Nd6 15.
b5 Ne7 16. Rfd1 Rc8 17. Qb2 Ne4 18. Rac1 g5 19. Be3 Nf5 20. Nxe4 dxe4 21. Nd2
Nxe3 22. fxe3 f5 23. Rxc8 Qxc8 24. Rc1 Qb8 25. Rc5 Bg6 26. Qc2 f4 27. Nxe4 fxe3
28. Rxg5 Kh8 29. Qd3 Qd8 30. Rg4 Bxd4 31. Qc4 Bg7 32. Ng5 Qf6 33. Nf3 Qf5 34.
Rg5 Qf6 35. Rc5 Bf5 36. Rc7 Be6 37. Qc1 Qf4 38. Qc5 Qg3 39. Re7 Bxh3 40. Qg5
Qxg5 41. Nxg5 Rf2 42. Re8+ Bf8 43. Nxh3 Rxe2 44. Rxf8+ Kg7 45. Re8 Kf7 46. Re4
Rxa2 47. Rxe3 Rb2 48. Re5 Kf6 49. Rh5 Rb4 50. Kh2 Kg6 51. Rd5 Kf6 52. Nf2 Ke6
53. Rh5 Kf6 54. g4 Kg6 55. Rc5 h6 56. Kg3 Rb2 57. Nh3 Rb3+ 58. Kh4 Rb4 59. Rf5
a6 60. bxa6 bxa6 61. Ra5 Rb6 62. Nf4+ Kg7 63. Ng2 Rb2 64. Ne3 Rb6 65. Kh5 Kh7
66. Nf5 Re6 67. Rc5 Rb6 68. Rc7+ Kh8 69. Ra7 Rc6 70. Nxh6 Rb6 71. g5 Rc6 72. g6
Rc5+ 73. Kg4 Rc4+ 74. Kf5 Rc5+ 75. Ke4 1-0

[Event "IV C.to Europeo seniores"]
[Site "Arvier ITA"]
[Date "2004.09.16"]
[Round "7"]
[White "Rotelli, Pietro"]
[Black "Di Cio', Enrico"]
[Result "1-0"]
[WhiteElo "2031"]
[BlackElo "1640"]
[PlyCount "115"]
[EventDate "2004.09.10"]

1. d4 Nf6 2. Nf3 e6 3. c4 d5 4. Nc3 Be7 5. e3 O-O 6. Bd3 a6 7. O-O dxc4 8. Bxc4
b5 9. Bd3 Bb7 10. a3 c5 11. dxc5 Bxc5 12. b4 Be7 13. Bb2 Nbd7 14. Qe2 Rc8 15.
Rfd1 Rc7 16. Rac1 Qa8 17. e4 Rfc8 18. Nd2 Ne5 19. Bb1 Nc4 20. Nxc4 Rxc4 21. f3
Qb8 22. Ba2 R4c7 23. g3 Rd8 24. Rxd8+ Qxd8 25. Rd1 Rd7 26. Rxd7 Qxd7 27. Qd1
Kf8 28. Qxd7 Nxd7 29. f4 g6 30. Kf2 Nb6 31. Ke3 Ke8 32. Bb3 Kd8 33. Ne2 Kd7 34.
Bd4 Bd8 35. h4 h6 36. Bg7 h5 37. Bd4 Kd6 38. Bc5+ Kc7 39. f5 gxf5 40. Bxb6+
Kxb6 41. exf5 Bd5 42. Bxd5 exd5 43. Nf4 Kc6 44. Nxh5 Be7 45. f6 Bf8 46. Ng7 a5
47. bxa5 Bxa3 48. Nf5 Bc1+ 49. Kd3 Bb2 50. Ne7+ Kc5 51. a6 Kb6 52. Nxd5+ Kxa6
53. h5 Bc1 54. Ne3 Bb2 55. Ng4 Ka5 56. h6 Ka4 57. Kc2 Ka3 58. Kb1 1-0

[Event "IV C.to Europeo seniores"]
[Site "Arvier ITA"]
[Date "2004.09.16"]
[Round "7"]
[White "Sorokin, Valentin"]
[Black "Arnaudov, Petar"]
[Result "0-1"]
[WhiteElo "2388"]
[BlackElo "2222"]
[PlyCount "120"]
[EventDate "2004.09.10"]

1. e4 c5 2. Nf3 g6 3. d4 Bg7 4. Nc3 Qa5 5. Be2 Nc6 6. Be3 Nf6 7. d5 Nxe4 8. O-O
Nxc3 9. bxc3 Nd8 10. Rb1 b6 11. Nd2 Ba6 12. c4 Nb7 13. Rb3 Qxa2 14. Bg5 h6 15.
Bh4 Nd6 16. Bg3 Nf5 17. Bg4 Nd4 18. Re3 Qxc2 19. Bd6 e6 20. Qe1 O-O-O 21. Bd1
Qb2 22. Bg3 f5 23. dxe6 dxe6 24. Rxe6 Bb7 25. Nf3 Bf6 26. Nxd4 Qxd4 27. Rxf6
Qxf6 28. Be5 Qg5 29. g3 Rhe8 30. Qc3 Qd2 31. Qa1 Re6 32. Bf4 Qe1 33. h4 Qe4 34.
f3 Qd4+ 35. Qxd4 cxd4 36. Bxh6 d3 37. Bg5 Rd4 38. Bb3 Re2 39. Bd1 Re6 40. g4
fxg4 41. fxg4 Bc6 42. h5 gxh5 43. gxh5 d2 44. Kf2 Kb7 45. h6 Rd7 46. Bh5 Ba4
47. Bf3+ Ka6 48. Ra1 b5 49. cxb5+ Kxb5 50. Rh1 Bc2 51. Be3 a5 52. Bd1 Be4 53.
Rh4 Rf6+ 54. Kg3 Re6 55. Kf2 a4 56. Be2+ Kc6 57. Bd1 a3 58. Ba4+ Kb7 59. Bxd7
d1=Q 60. Bxe6 Qf3+ 0-1

[Event "IV C.to Europeo seniores"]
[Site "Arvier ITA"]
[Date "2004.09.16"]
[Round "7"]
[White "Strelnikova, Elena"]
[Black "Labarthe, Arnaud"]
[Result "1-0"]
[WhiteElo "2133"]
[BlackElo "2028"]
[PlyCount "73"]
[EventDate "2004.09.10"]

1. e4 d5 2. exd5 Nf6 3. Bb5+ Bd7 4. Bc4 b5 5. Bb3 a5 6. a4 b4 7. d4 Bg4 8. f3
Bc8 9. c4 bxc3 10. Nxc3 Bb7 11. Ba2 Na6 12. Qe2 Qd7 13. Bc4 Nb4 14. Bb5 c6 15.
dxc6 Bxc6 16. Be3 Bxb5 17. Nxb5 Rc8 18. Nc3 Nfd5 19. Rc1 g6 20. Nxd5 Rxc1+ 21.
Bxc1 Qxd5 22. Qd1 Qc4 23. Ne2 Nd3+ 24. Kf1 Bg7 25. b3 Qa6 26. Be3 O-O 27. g3
Nb4 28. Kg2 Rc8 29. Bf2 Rc2 30. Nf4 e6 31. d5 exd5 32. Nxd5 Rxf2+ 33. Kxf2 Nd3+
34. Kg2 Bh6 35. Qe2 Kg7 36. Rd1 Nc5 37. Qe5+ 1-0

[Event "IV C.to Europeo seniores"]
[Site "Arvier ITA"]
[Date "2004.09.16"]
[Round "7"]
[White "Wagman, Stuart"]
[Black "Karl, Hans"]
[Result "1/2-1/2"]
[WhiteElo "2139"]
[BlackElo "2283"]
[PlyCount "20"]
[EventDate "2004.09.10"]

1. e4 e5 2. Nf3 Nc6 3. Nc3 Nf6 4. Bb5 Bb4 5. O-O O-O 6. d3 d6 7. Bg5 Bxc3 8.
bxc3 Bd7 9. Rb1 b6 10. Re1 Qe7 1/2-1/2

[Event "IV C.to Europeo seniores"]
[Site "Arvier ITA"]
[Date "2004.09.16"]
[Round "7"]
[White "Zhelesny, Stanislav"]
[Black "Giani, Franco"]
[Result "1-0"]
[WhiteElo "2274"]
[BlackElo "2096"]
[PlyCount "67"]
[EventDate "2004.09.10"]

1. Nf3 g6 2. d4 Bg7 3. e4 d6 4. c4 Nf6 5. Nc3 Bg4 6. Be2 Nc6 7. Bg5 h6 8. Be3
O-O 9. Qd2 Kh7 10. O-O Bxf3 11. Bxf3 e5 12. d5 Ne7 13. c5 a6 14. Rad1 Nfg8 15.
Be2 f5 16. g3 Nf6 17. f3 Rg8 18. Kh1 Qd7 19. Bd3 Raf8 20. Qc2 Nh5 21. exf5 gxf5
22. cxd6 cxd6 23. g4 Nf4 24. Bxf4 exf4 25. gxf5 Kh8 26. Rg1 Nxf5 27. Bxf5 Rxf5
28. Ne4 Bf6 29. Rxg8+ Kxg8 30. Qg2+ Bg5 31. h4 Rf7 32. hxg5 hxg5 33. Nxg5 Rg7
34. Qh3 1-0

[Event "IV C.to Europeo seniores"]
[Site "Arvier ITA"]
[Date "2004.09.17"]
[Round "8"]
[White "Arkhangelsky, Boris"]
[Black "Etmans, Maarten D."]
[Result "1-0"]
[WhiteElo "2376"]
[BlackElo "2213"]
[PlyCount "91"]
[EventDate "2004.09.10"]

1. d4 e6 2. Nf3 b5 3. e4 Bb7 4. Bxb5 Bxe4 5. O-O Nf6 6. c4 Be7 7. Nc3 Bb7 8. d5
O-O 9. a3 a5 10. Rb1 Na6 11. Ba4 exd5 12. cxd5 Nc5 13. Bc2 a4 14. Re1 Re8 15.
Bf4 Ra6 16. h3 h6 17. Qd4 d6 18. Qd2 Bf8 19. Bg3 Rxe1+ 20. Rxe1 g6 21. Bf4 Kh7
22. Be3 Bg7 23. Bd4 Nfd7 24. Bxg7 Kxg7 25. Ne4 Nxe4 26. Rxe4 Qf6 27. Rf4 Qe7
28. Bxa4 Ne5 29. Bb5 Rb6 30. a4 Nxf3+ 31. Rxf3 Qe5 32. Rd3 Ba6 33. Re3 Qf6 34.
Bxa6 Rxa6 35. a5 Kh7 36. Rf3 Qe7 37. b4 c6 38. dxc6 Rxc6 39. b5 Rc5 40. b6 Rb5
41. Qc3 Kg8 42. Re3 Qd8 43. Kh2 Qa8 44. Re7 Rc5 45. Qf6 Rf5 46. Qxd6 1-0

[Event "IV C.to Europeo seniores"]
[Site "Arvier ITA"]
[Date "2004.09.17"]
[Round "8"]
[White "Arnaudov, Petar"]
[Black "Jansa, Vlastimil"]
[Result "1/2-1/2"]
[WhiteElo "2222"]
[BlackElo "2500"]
[PlyCount "142"]
[EventDate "2004.09.10"]

1. e4 c5 2. Nc3 Nc6 3. g3 g6 4. Bg2 Bg7 5. d3 d6 6. Bg5 f6 7. Be3 e5 8. Qd2
Nge7 9. h4 h5 10. Nh3 Nd4 11. f3 Be6 12. Nd1 Qd7 13. Nhf2 Qa4 14. b3 Qa3 15.
O-O a5 16. Nc3 O-O 17. f4 Qb4 18. Kh2 f5 19. a3 Qb6 20. Nh3 fxe4 21. dxe4 exf4
22. gxf4 Rad8 23. Ng5 d5 24. e5 Nef5 25. Bf2 Bh6 26. Ne2 Nxe2 27. Qxe2 Bxg5 28.
fxg5 d4 29. Rae1 Bd5 30. Bxd5+ Rxd5 31. Qe4 Qe6 32. Qe2 b6 33. a4 Ng7 34. Bg3
Rxf1 35. Qxf1 Rd8 36. Qc4 Rf8 37. Kg2 Kh7 38. Qxe6 Nxe6 39. Re2 Kg8 40. Rf2
Rxf2+ 41. Kxf2 Kf7 42. Ke2 Ng7 43. Kd3 Ke6 44. Ke4 Nf5 45. Bf2 Ne7 46. Be1 Nc6
47. c3 dxc3 48. Bxc3 Nb8 49. Kd3 Kd5 50. e6 Nc6 51. Bf6 Kxe6 52. Kc4 Kf5 53.
Kb5 Nd4+ 54. Kxb6 Nxb3 55. Kb5 Kg4 56. Kc4 Nd2+ 57. Kd3 Nf3 58. Bd8 Ne5+ 59.
Ke4 Nc6 60. Bb6 Kxh4 61. Kd5 Nb8 62. Bxa5 Kxg5 63. Bd8+ Kf5 64. Kxc5 g5 65. a5
h4 66. Kb5 Ke6 67. Bxg5 h3 68. Bf4 Kd7 69. Kb6 Kc8 70. Bh2 Nd7+ 71. Kc6 Nb8+
1/2-1/2

[Event "IV C.to Europeo seniores"]
[Site "Arvier ITA"]
[Date "2004.09.17"]
[Round "8"]
[White "Beliaeva, Natalia"]
[Black "Trifunovic, Dusan"]
[Result "1-0"]
[WhiteElo "2110"]
[BlackElo "2020"]
[PlyCount "79"]
[EventDate "2004.09.10"]

1. f4 e5 2. fxe5 d6 3. exd6 Bxd6 4. Nf3 Nc6 5. d4 Be7 6. c3 Bg4 7. Bf4 Nf6 8.
Nbd2 Nh5 9. Be3 Bh4+ 10. Nxh4 Qxh4+ 11. Bf2 Qe7 12. Nf3 O-O-O 13. Qc2 Nf6 14.
O-O-O Ne4 15. e3 Rhe8 16. Bg1 Qe6 17. Bd3 Nd6 18. Kb1 Bf5 19. Bxf5 Nxf5 20. Re1
g6 21. e4 Nfe7 22. Bf2 Qg4 23. Bh4 Qh5 24. Rhf1 h6 25. Bf6 Rd7 26. d5 Rd6 27.
Nd4 Nd8 28. Qf2 Rb6 29. h3 g5 30. Nb3 Qg6 31. Bd4 Rd6 32. c4 b6 33. Ka1 c5 34.
Be5 Rd7 35. Nxc5 bxc5 36. Qxc5+ Nec6 37. Rf6 Qh7 38. Rxc6+ Nxc6 39. Qxc6+ Kd8
40. Bf6+ 1-0

[Event "IV C.to Europeo seniores"]
[Site "Arvier ITA"]
[Date "2004.09.17"]
[Round "8"]
[White "Beltrami, Nerio"]
[Black "Wagman, Stuart"]
[Result "1/2-1/2"]
[WhiteElo "1970"]
[BlackElo "2139"]
[PlyCount "83"]
[EventDate "2004.09.10"]

1. e4 c5 2. Nf3 d6 3. d4 cxd4 4. Nxd4 Nf6 5. Nc3 Nc6 6. Bc4 e6 7. O-O Be7 8.
Be3 a6 9. a4 Qc7 10. Be2 O-O 11. f4 Nxd4 12. Bxd4 e5 13. Be3 exf4 14. Rxf4 Be6
15. Qd4 Rac8 16. Raf1 Nd7 17. Nd5 Bxd5 18. exd5 Bg5 19. Rg4 Bxe3+ 20. Qxe3 Ne5
21. Rb4 Rce8 22. Qf2 Qxc2 23. Rxb7 Qxa4 24. Rb6 Qa2 25. Rd1 Nc4 26. Bxc4 Qxc4
27. Rc6 Qa4 28. Qd4 Qxd4+ 29. Rxd4 Re1+ 30. Kf2 Rfe8 31. Rd2 a5 32. Rxd6 Kf8
33. Rd7 R1e5 34. d6 Rf5+ 35. Kg3 Rb8 36. h3 Ke8 37. Ra7 Rfb5 38. d7+ Kd8 39.
Re2 R8b7 40. Rxb7 Rxb7 41. Re5 Rxb2 42. Rxa5 1/2-1/2

[Event "IV C.to Europeo seniores"]
[Site "Arvier ITA"]
[Date "2004.09.17"]
[Round "8"]
[White "Birens, Eric-Andre'"]
[Black "Marjanovic, Slavko"]
[Result "1-0"]
[WhiteElo "2116"]
[BlackElo "2024"]
[PlyCount "49"]
[EventDate "2004.09.10"]

1. d4 Nf6 2. c4 e6 3. Nc3 Bb4 4. a3 Bxc3+ 5. bxc3 b6 6. e3 Bb7 7. f3 O-O 8. Bd3
d6 9. Ne2 c5 10. O-O Nc6 11. e4 h6 12. f4 e5 13. fxe5 dxe5 14. d5 Na5 15. Ng3
Kh7 16. Ra2 Bc8 17. h3 Nb7 18. Raf2 Nd6 19. Rxf6 gxf6 20. Qh5 Rh8 21. Bxh6 Kg8
22. Rf3 Rh7 23. Nf5 Ne8 24. Rg3+ Kh8 25. Qg4 1-0

[Event "IV C.to Europeo seniores"]
[Site "Arvier ITA"]
[Date "2004.09.17"]
[Round "8"]
[White "Bitzer, Dieter"]
[Black "Hallerod, Ralph"]
[Result "0-1"]
[WhiteElo "2018"]
[BlackElo "2111"]
[PlyCount "80"]
[EventDate "2004.09.10"]

1. e4 c5 2. Nc3 Nc6 3. Nge2 g6 4. g3 Bg7 5. Bg2 d6 6. O-O e6 7. d3 Nge7 8. Rb1
O-O 9. b3 Qa5 10. Bb2 b5 11. a4 b4 12. Na2 e5 13. c4 bxc3 14. Naxc3 Ba6 15. Na2
Qb6 16. Ba3 Nb4 17. Nxb4 cxb4 18. Bb2 Rac8 19. Rc1 Bh6 20. Rxc8 Rxc8 21. h4 Qc5
22. Bc1 Bxc1 23. Qxc1 Bxd3 24. Qxc5 dxc5 25. Re1 Bc2 26. Nc1 c4 27. bxc4 b3 28.
Nxb3 Bxb3 29. Bf1 Bxc4 30. Rc1 Bxf1 31. Rxc8+ Nxc8 32. Kxf1 a5 33. Ke2 Nb6 34.
Kd3 Kf8 35. Kc3 Ke7 36. Kb3 f6 37. g4 h6 38. f3 g5 39. h5 Kd6 40. Kc3 Kc5 0-1

[Event "IV C.to Europeo seniores"]
[Site "Arvier ITA"]
[Date "2004.09.17"]
[Round "8"]
[White "Bukal, Vladimir sr"]
[Black "Asmundsson, Ingvar"]
[Result "1/2-1/2"]
[WhiteElo "2397"]
[BlackElo "2295"]
[PlyCount "152"]
[EventDate "2004.09.10"]

1. c4 e5 2. Nc3 Bb4 3. g3 Bxc3 4. bxc3 d6 5. Bg2 Ne7 6. d3 Nbc6 7. f4 O-O 8.
Nf3 Bg4 9. h3 Bd7 10. O-O f5 11. c5 e4 12. cxd6 cxd6 13. dxe4 fxe4 14. Ng5 d5
15. c4 dxc4 16. Nxe4 b5 17. Nd6 Qb6+ 18. Kh2 Rad8 19. e4 Nb4 20. e5 Bc6 21. Qe2
Bxg2 22. Qxg2 Nd3 23. Rb1 Qa6 24. Rxb5 Rxd6 25. exd6 Qxb5 26. dxe7 Re8 27. Ba3
Nb4 28. Qe4 Qd5 29. Qe2 a5 30. Rd1 Qc6 31. Qe5 c3 32. Rd8 Kf7 33. Qxa5 Qe4 34.
Qb5 Rxe7 35. Qh5+ Qg6 36. Qxg6+ Kxg6 37. Bxb4 Re2+ 38. Kg1 Re1+ 39. Kf2 c2 40.
Ba3 c1=Q 41. Bxc1 Rxc1 42. Rd2 Rc3 43. Kg2 Ra3 44. Rf2 h5 45. Kh2 Kf6 46. Rg2
Kf5 47. Rb2 g6 48. Rg2 Ra4 49. Kg1 Ra3 50. Kf1 Ke4 51. Ke1 Kf3 52. Rb2 Ke4 53.
Kf2 Rf3+ 54. Kg2 Ra3 55. h4 Kf5 56. Kh3 Kf6 57. Rb6+ Kf5 58. Rb5+ Kf6 59. Rb2
Kf5 60. Re2 Kf6 61. Kh2 Kf5 62. Re5+ Kf6 63. Re2 Kf5 64. Rc2 Kf6 65. Rb2 Kf5
66. Kh3 Kf6 67. Rb3 Rxa2 68. g4 hxg4+ 69. Kxg4 Rg2+ 70. Kf3 Rh2 71. Rb6+ Kf5
72. Rb5+ Kf6 73. Kg4 Rg2+ 74. Kh3 Rg1 75. Ra5 Rh1+ 76. Kg3 Rg1+ 1/2-1/2

[Event "IV C.to Europeo seniores"]
[Site "Arvier ITA"]
[Date "2004.09.17"]
[Round "8"]
[White "Chernikov, Oleg L."]
[Black "Klovans, Janis"]
[Result "1/2-1/2"]
[WhiteElo "2412"]
[BlackElo "2456"]
[PlyCount "73"]
[EventDate "2004.09.10"]

1. d4 Nf6 2. c4 e6 3. Nf3 d5 4. Nc3 c6 5. Bg5 h6 6. Bxf6 Qxf6 7. e3 Nd7 8. a3
g6 9. e4 dxe4 10. Nxe4 Qf4 11. Bd3 Bg7 12. O-O O-O 13. Qc2 e5 14. dxe5 Nxe5 15.
Nxe5 Qxe5 16. Rab1 Bf5 17. Ng3 Bxd3 18. Qxd3 Rad8 19. Qb3 Rd7 20. Rfe1 Qf4 21.
Rbd1 Rfd8 22. Rxd7 Rxd7 23. Nf1 Bd4 24. Qc2 Rd6 25. Re2 c5 26. Nd2 Rb6 27. b3
Qf5 28. Qxf5 gxf5 29. Re7 Bc3 30. Nb1 Rxb3 31. Nxc3 Rxc3 32. g3 Rb3 33. Rc7 a6
34. Rxc5 Rxa3 35. Rxf5 Rc3 36. Rc5 Kg7 37. Rc7 1/2-1/2

[Event "IV C.to Europeo seniores"]
[Site "Arvier ITA"]
[Date "2004.09.17"]
[Round "8"]
[White "Estrada Martinez, Cesar"]
[Black "Hecht, Hans-Joachim"]
[Result "1/2-1/2"]
[WhiteElo "2235"]
[BlackElo "2423"]
[PlyCount "49"]
[EventDate "2004.09.10"]

1. Nf3 Nf6 2. d4 e6 3. c4 Nc6 4. g3 d5 5. Bg2 dxc4 6. Qa4 Nd5 7. Qxc4 Nb6 8.
Qd3 Nb4 9. Qd1 c5 10. a3 Nc6 11. e3 cxd4 12. Nxd4 Nxd4 13. Qxd4 Qxd4 14. exd4
Be7 15. O-O O-O 16. Nc3 Rd8 17. Rd1 Bf6 18. Be3 Nc4 19. b3 Nxe3 20. fxe3 Rb8
21. Rac1 Be7 22. b4 Bd7 23. Ne4 Ba4 24. Rd3 b6 25. Rdc3 1/2-1/2

[Event "IV C.to Europeo seniores"]
[Site "Arvier ITA"]
[Date "2004.09.17"]
[Round "8"]
[White "Gousseinov, Aguif"]
[Black "Stepak, Yedael"]
[Result "0-1"]
[WhiteElo "2059"]
[BlackElo "2302"]
[PlyCount "70"]
[EventDate "2004.09.10"]

1. e4 c5 2. Nc3 Nc6 3. f4 d6 4. Nf3 g6 5. Bb5 Bg7 6. Bxc6+ bxc6 7. d3 Rb8 8.
O-O Qa5 9. e5 d5 10. Bd2 c4 11. d4 Rxb2 12. Rb1 Rxb1 13. Qxb1 Qc7 14. Qb2 Nh6
15. Na4 O-O 16. Nc5 Bg4 17. Qa3 Nf5 18. Ba5 Qc8 19. Bc3 Ne3 20. Rf2 Nd1 21. Rf1
Bxf3 22. Rxf3 Qf5 23. Qc1 Nxc3 24. Rxc3 h5 25. Ra3 Bh6 26. g3 g5 27. Rf3 gxf4
28. gxf4 Kh7 29. c3 Rg8+ 30. Kf2 Rg4 31. Qd1 Rxf4 32. Rxf4 Qxf4+ 33. Qf3 Qxh2+
34. Ke1 Qd2+ 35. Kf1 Qf4 0-1

[Event "IV C.to Europeo seniores"]
[Site "Arvier ITA"]
[Date "2004.09.17"]
[Round "8"]
[White "Hilburt, Leonid"]
[Black "Loktiev, Ivan"]
[Result "1/2-1/2"]
[WhiteElo "2237"]
[BlackElo "2410"]
[PlyCount "96"]
[EventDate "2004.09.10"]

1. e4 e5 2. Nf3 Nc6 3. Bb5 a6 4. Ba4 d6 5. c3 Bd7 6. O-O Nge7 7. Qe2 Ng6 8. d3
Be7 9. Be3 O-O 10. Nbd2 Nd4 11. cxd4 Bxa4 12. Nc4 Bf6 13. b3 Bd7 14. h3 exd4
15. Bxd4 Re8 16. Ne3 Nf4 17. Qd1 Bxd4 18. Nxd4 Qf6 19. Ne2 c6 20. Nxf4 Qxf4 21.
Nc4 Rad8 22. Qc1 Qf6 23. Ne3 Be6 24. Kh1 Qd4 25. Rd1 d5 26. f3 Qf6 27. Qc2 Qh4
28. Rf1 Bc8 29. Qf2 Qf6 30. Rad1 a5 31. Qe1 b6 32. Rf2 Qf4 33. Re2 Re6 34. Nf5
c5 35. Red2 d4 36. Qg3 Qxg3 37. Nxg3 Bd7 38. Ne2 g5 39. Kh2 Rd6 40. Kg3 Be6 41.
f4 f6 42. h4 h6 43. hxg5 hxg5 44. fxg5 fxg5 45. Ng1 a4 46. bxa4 Ra8 47. Nf3
Rxa4 48. Nxg5 Rxa2 1/2-1/2

[Event "IV C.to Europeo seniores"]
[Site "Arvier ITA"]
[Date "2004.09.17"]
[Round "8"]
[White "Jakobsen, Ole"]
[Black "Zhelesny, Stanislav"]
[Result "1-0"]
[WhiteElo "2379"]
[BlackElo "2274"]
[PlyCount "105"]
[EventDate "2004.09.10"]

1. d4 Nf6 2. c4 g6 3. Nc3 d5 4. e3 Bg7 5. Qb3 dxc4 6. Bxc4 O-O 7. Nf3 Nc6 8.
Qd1 Bg4 9. Be2 Nd5 10. e4 Nb6 11. d5 Na5 12. h3 Bxf3 13. Bxf3 Nac4 14. O-O c5
15. Qc2 Nd6 16. Bf4 Nd7 17. Rfe1 Ne5 18. Be2 Rc8 19. Bf1 Qd7 20. Bc1 f6 21. f4
Nef7 22. a4 Bh8 23. Kh2 g5 24. g3 e5 25. f5 c4 26. Be3 b6 27. a5 b5 28. Na2 Nd8
29. Nb4 Rf7 30. Na6 Kf8 31. Nc5 Qe8 32. Ne6+ Nxe6 33. fxe6 Rfc7 34. Bg2 b4 35.
Qf2 Qe7 36. Rf1 Bg7 37. a6 Kg8 38. Ra5 Ne8 39. Rc1 Bf8 40. Ra4 Kg7 41. Qe1 Qd8
42. Bd2 c3 43. bxc3 bxc3 44. Rxc3 Rxc3 45. Bxc3 Qc7 46. Bb4 Bxb4 47. Rxb4 Nd6
48. Qb1 Kg6 49. Qd1 Qc5 50. Rb1 Qf2 51. Qf3 Qc2 52. Rf1 Ne8 53. d6 1-0

[Event "IV C.to Europeo seniores"]
[Site "Arvier ITA"]
[Date "2004.09.17"]
[Round "8"]
[White "Joksic, Sinisa"]
[Black "Gruzmann, Boris"]
[Result "0-1"]
[WhiteElo "2340"]
[BlackElo "2314"]
[PlyCount "70"]
[EventDate "2004.09.10"]

1. d4 Nf6 2. c4 d6 3. Nc3 Bf5 4. f3 e5 5. e4 exd4 6. Qxd4 Nc6 7. Qd2 Be6 8. b3
g6 9. Bb2 Bg7 10. Nd5 O-O 11. Ne2 a5 12. Ng3 a4 13. Rd1 axb3 14. axb3 Ra2 15.
Nc3 Ra8 16. Be2 Nd7 17. Na4 Nc5 18. Bxg7 Kxg7 19. Nxc5 dxc5 20. Qe3 Nd4 21. O-O
Ra3 22. Rd3 Bxc4 23. Rfd1 Bxd3 24. Rxd3 Ra1+ 25. Bf1 f5 26. exf5 Re8 27. Qd2
Ree1 28. Kf2 Qh4 29. Qxe1 Rxe1 30. f6+ Kxf6 31. Kxe1 Nf5 32. Kf2 Nxg3 33. hxg3
Qb4 34. g4 b5 35. Kg3 Qe1+ 0-1